1409 1642 1847 1842 1539 1870 1389 1317 1231 1995 1293 1538 1288 1412 1951 1558 1206 1472 1549 1945 1978 1196 1221 1157 1151 1097 1714 1062 1248 1338 1215 1558 1096 1474 1345 1734 1233 1688 1444 1908 1997 1039 1641 1711 1577 1087 1945 1214 1677 1687 1107 1343 1351 1796 1875 1390 1709 1581 1532 1239 1341 1902 1973 1327 1804 1670 1434 1252 1043 1580 1752 1789 1399 1810 1662 1040 1375 1288 1056 1996 1629 1772 1678 1847 1071 1640 1396 1283 1799 1728 1142 1462 1710 1865 1365 1627 1526 1056 1422 BCNSPRNW ULIB Ver.6.0+V

เปลี่ยนเป็นภาษาไทย

Change to English
 แสดงรายละเอียดบรรณานุกรม
  กลับหน้าหลัก

Brief Record : Get Marc (ISO 2709) : E-mail record : QR code < ปิดหน้าต่าง
LEADER : 00000nam 2200000uu 4500
001    13399111673
003     ULIB
008    110704s2550||||th 000 0 tha d
020    9789747814361
050 04 BQ6337.A2^bส814พ 2550
245 00 80 พระอารามหลวง กรุงเทพมหานคร /^c[สุนทรียา ศรีวรขันธ์,บรรณาธิการเล่ม]
246 3  แปดสิบพระอารามหลวง กรุงเทพมหานคร
250    พิมพ์ครั้งที่ 1
260    กรุงเทพฯ :^bฐานบุ๊คส์,^c2550
300    251 หน้า :^bภาพประกอบสี ;^c21 ซม
500    จัดพิมพ์เพื่อเฉลิมฉลองในพิธีมหามงคลเฉลิมพระชนมพรรษา 80 พรรษาของพระบาทสมเด็จพระเจ้าอยู่หัวภูมิพลอดุลยเดช
505 2  พระมหากษัตริย์ไทยกับพระพุทธศาสนา -- วัดพระศรีรัตนศาสดาราม --วัดประจำรัชกาล : วัดพระเชตุพนวิมลมังคลาราม ; วัดอรุณราชวราราม ; วัดราชโอรสาราม ; วัดราชประดิษฐ์สถิตมหาสีมาราม ; วัดเบญจมบพิตรดุสิตวนาราม ; วัดบวรนิเวศวิหาร ; วัดราชบพิธสถิตมหาสีมาราม ; วัดสุทัศนเทพวราราม -- พระอารามหลวงเรียงตามลำดับชั้น : วัดมหาธาตุยุวราชรังสฤษฎิ์ ; วัดพระศรีมหาธาตุ ; วัดชนะสงคราม ; วัดมกุฏกษัตริยาราม ; วัดราชบุรณะ ;วัดราชาธิวาสวิหาร ; วัดบรมนิวาส ; วัดสระเกศ ; วัดโสมนัสวิหาร ; วัดเทพศิรินทราวาส ; วัดบพิตรพิมุข ; วัดปทุมคงคา ; วัดจักรวรรดิราชาวาส ; วัดประยุรวงศาวาส ; วัดไตรมิตรวิทยาราม ; วัดกัลยาณมิตร ; วัดโมลีโลกยาราม ; วัดหงส์รัตนาราม ; วัดราชสิทธาราม ; วัดชัยพฤกษมาลา; วัดพิชยญาติการาม ; วัดอนงคาราม ; วัดระฆังโฆสิตาราม ; วัดสุวรรณาราม ; วัดอินทรวิหาร ; วัดสังเวชวิศยาราม ; วัดปรินายก ; วัดสามพระยา ; วัดนรนาถสุนทริการาม ; วัดเทพธิดาราม ; วัดราชนัดดาราม; วัดมหรรณพาราม ; วัดบุรณศิริมาตยาราม ; วัดตรีทศเทพ ; วัดเทวราชกุญชร ; วัดราชผาติการาม ; วัดหัวลำโพง ; วัดปทุมวนาราม ; วัดมหาพฤฒาราม ; วัดสัมพันธวงศาราม ; วัดชัยชนะสงคราม ; วัดราชคฤห์ ;วัดจันทาราม ; วัดอินทาราม ; วัดบุปผาราม ; วัดหิรัญรูจี ; วัดเวฬุราชิน ; วัดโพธินิมิตร ; วัดสังข์กระจาย ; วัดเครือวัลย์ ; วัดพระราม 9 กาญจนาภิเษก ; วัดทองธรรมชาติ ; วัดเศวตฉัตร ; วัดทองนพคุณ ; วัดกาญจนสิงหาสน์ ; วัดรัชฎาธิฐาน ; วัดอมรินทราราม ; วัดพระยาทำ ; วัดศรีสุดาราม ; วัดชิโนรสาราม ; วัดดุสิดาราม ; วัดนวลนรดิศ ; วัดปากน้ำ; วัดคูหาสวรรค์ ; วัดอัปสรสวรรค์ ; วัดภคินีนาถ ; วัดบวรมงคล ; วัดดาวดึงษาราม ; วัดหนัง ; วัดนางนอง ; วัดหลักสี่ ; วัดดอนเมือง
650  7 วัด^zไทย^zกรุงเทพฯ
650  7 วันเฉลิมพระชนมพรรษา (5 ธ.ค. 2550)
700 0  สุนทรียา ศรีวรขันธ์
945    ^p299^l0^i029132
995    ทศพร
999 ^a ใช้งานได้ทุกระบบ
รายการนี้ยังไม่มีแท็ก
คุณยังไม่ได้ล็อกอิน คุณสามารถมีกิจกรรมร่วมกับเว็บไซต์ได้ แต่ต้องล็อกอินก่อน ::
  ล็อกอิน

รายการสื่อสารสนเทศ

ลำดับที่ ประเภท เลขเรียก/บาร์โค้ด สถานที่ สถานะ
- ไม่พบข้อมูล -

BibComment


ยังไม่เคยถูกคอมเมนท์

คอมเมนท์ทรัพยากรรายการนี้
  คอมเมนท์: 80 พระอารามหลวง ก..


 Copyright 2026. Bcnsprnw @Library